000 00528nam a22001577a 4500
003 OSt
005 20151001144145.0
008 151001b xxu||||| |||| 00| 0 eng d
040 _cRUA
082 _aAGR DIT 2002 B062 Or.1
100 _91686
_aDITH, SIDETH.
245 _aL'EFFICACITE ECONOMIQUE DE L'UTILISATION DU HARICOT MUNGO DANS L'ALIMENT CONCENTRE SURLA CROISSANCE DES PORCS CHARCUTIERS AU DISTRICT DE SAANG DE LA PROVINCE DE KANDAL.
260 _aPHNOM PHEN
_bRUA
_c2002
300 _a41p.
_bill.
_c29cm.
942 _2ddc
_cAGR
999 _c1588
_d1588